<?xml version="1.0" encoding="UTF-8"?><collection xmlns="info:lc/xmlns/marcxchange-v2"><record format="Unimarc" type="bibliographic"><leader>00668cam  22002171  450 </leader><controlfield tag="001">2004023</controlfield><controlfield tag="003">http://id.bnportugal.gov.pt/bib/porbase/2004023</controlfield><controlfield tag="005">20030517012500.0</controlfield><datafield ind1=" " ind2=" " tag="010"><subfield code="a">0-19-824224-7</subfield></datafield><datafield ind1=" " ind2=" " tag="035"><subfield code="4">55843</subfield></datafield><datafield ind1=" " ind2=" " tag="095"><subfield code="a">PTBN00658258</subfield></datafield><datafield ind1=" " ind2=" " tag="100"><subfield code="a">19931109d1991    m  y0pory0103    ba</subfield></datafield><datafield ind1="0" ind2=" " tag="101"><subfield code="a">eng</subfield></datafield><datafield ind1=" " ind2=" " tag="102"><subfield code="a">GB</subfield></datafield><datafield ind1="1" ind2=" " tag="200"><subfield code="a">&lt;A &gt;theory of language and information</subfield><subfield code="e">&lt;a &gt;mathematical approach</subfield><subfield code="f">Zellig Harris</subfield></datafield><datafield ind1=" " ind2=" " tag="210"><subfield code="a">Oxford</subfield><subfield code="c">Clarendon Press</subfield><subfield code="d">1991</subfield></datafield><datafield ind1=" " ind2=" " tag="215"><subfield code="a">XI,428p.</subfield><subfield code="d">24cm</subfield></datafield><datafield ind1=" " ind2=" " tag="675"><subfield code="a">316.4</subfield><subfield code="v">med</subfield><subfield code="z">fre</subfield><subfield code="3">338503</subfield></datafield><datafield ind1=" " ind2="1" tag="700"><subfield code="a">Harris</subfield><subfield code="b">Zellig</subfield><subfield code="f">1909-</subfield><subfield code="3">40515</subfield></datafield><datafield ind1=" " ind2="0" tag="801"><subfield code="a">PT</subfield><subfield code="b">BN</subfield><subfield code="g">RPC</subfield></datafield><datafield ind1=" " ind2=" " tag="977"><subfield code="1">81'1 HAR*The</subfield><subfield code="2">coop</subfield><subfield code="4">UASD</subfield><subfield code="6">mq3296956</subfield><subfield code="7">bc</subfield><subfield code="8">coop</subfield><subfield code="9">UASD</subfield><subfield code="k">0</subfield></datafield><datafield ind1=" " ind2=" " tag="977"><subfield code="1">SIST/COM 4527</subfield><subfield code="2">coop</subfield><subfield code="4">ULFP</subfield><subfield code="6">mq733405</subfield><subfield code="7">bc</subfield><subfield code="8">coop</subfield><subfield code="9">ULFP</subfield><subfield code="k">0</subfield></datafield><datafield ind1=" " ind2=" " tag="998"><subfield code="a">LFP6-13</subfield></datafield></record></collection>